000 00248nam a2200097Ia 4500
008 220204s9999 xx 000 0 und d
082 _a614:65
_bMAN
245 0 _aManagement of health organization
260 _aUSA
_bHarward College
_c1969
942 _cBK
999 _c37201
_d37201